000 00740nam a2200289Ia 4500
005 20260324134428.0
008 008 260324s9999 xx 000 0 eng d
020 _a9780203398258
037 _aEBOOK
040 _aCRL
040 _beng
040 _cCRL
041 _2eng
041 _aeng
084 _qCRL
100 _aHenrietta L. Moore; Todd Sanders
_91196781
245 0 _aMagical Interpretations, Material Realities
245 0 _bModernity, Witchcraft and the Occult in Postcolonial Africa
260 _bTaylor and Francis
260 _c2002
365 _a
365 _b230
856 _uhttp://www.taylorfrancis.com/books/9780203398258
942 _cEBOOK
999 _c1796874
_d1796874